<?xml version="1.0" encoding="UTF-8"?>
<marc:record xmlns:marc="http://www.loc.gov/MARC21/slim">
   <marc:leader>00000nam a2200000 a 4500</marc:leader>
   <marc:datafield ind1="1" ind2=" " tag="100">
      <marc:subfield code="a">Lange, Maxi</marc:subfield>
   </marc:datafield>
   <marc:datafield ind1=" " ind2=" " tag="653">
      <marc:subfield code="a">Sachbücher und Sachbilderbücher für Kinder und Jugendliche</marc:subfield>
   </marc:datafield>
   <marc:datafield ind1=" " ind2=" " tag="653">
      <marc:subfield code="a">Minecraft</marc:subfield>
   </marc:datafield>
   <marc:datafield ind1=" " ind2=" " tag="653">
      <marc:subfield code="a">Paluten</marc:subfield>
   </marc:datafield>
   <marc:datafield ind1="0" ind2="0" tag="245">
      <marc:subfield code="a">Minecraft Escape Rooms. Bauwerke voller Fallen und Rätsel</marc:subfield>
   </marc:datafield>
   <marc:datafield ind1=" " ind2="1" tag="264">
      <marc:subfield code="a">Hamburg</marc:subfield>
      <marc:subfield code="b">Schneiderbuch</marc:subfield>
      <marc:subfield code="c">2026</marc:subfield>
   </marc:datafield>
   <marc:datafield ind1="1" ind2=" " tag="490">
      <marc:subfield code="a">Minecraft Exklusiv</marc:subfield>
   </marc:datafield>
   <marc:datafield ind1=" " ind2=" " tag="250">
      <marc:subfield code="a">1. Auflage</marc:subfield>
   </marc:datafield>
   <marc:datafield ind1="1" ind2=" " tag="520">
      <marc:subfield code="a">Escape Rooms gibt es jetzt auch in Minecraft! Dreizehn einzigartige Bauwerke inspirieren Fans des beliebten Videospiels, clevere Karten voller Fallen und Rätsel zu erforschen. Ob ein Ausbruch aus dem Zombie-Gefängnis, die Rettung von einer einsamen Piraten-Insel, die Flucht aus einem Spukhaus oder einem unterirdischen Labor – die verblüffenden Kreationen bieten jungen und geübten Gamern unendlichen Bau- und Spielspaß. Randvoll mit Tipps und Tricks zum Bebauen der Oberwelt und zum Einsatz von Redstone, können Spielerinnen und Spieler auch ihre eigenen Escape Rooms erschaffen.</marc:subfield>
   </marc:datafield>
   <marc:datafield ind1=" " ind2=" " tag="020">
      <marc:subfield code="a">9783505153457</marc:subfield>
      <marc:subfield code="9">9783505153457</marc:subfield>
   </marc:datafield>
   <marc:datafield ind1=" " ind2=" " tag="020">
      <marc:subfield code="a">3505153451</marc:subfield>
      <marc:subfield code="9">3505153451</marc:subfield>
   </marc:datafield>
   <marc:datafield ind1=" " ind2=" " tag="041">
      <marc:subfield code="a">ger</marc:subfield>
   </marc:datafield>
   <marc:datafield ind1=" " ind2=" " tag="338">
      <marc:subfield code="a">Band</marc:subfield>
   </marc:datafield>
   <marc:datafield ind1=" " ind2=" " tag="300">
      <marc:subfield code="a">96 Seiten</marc:subfield>
   </marc:datafield>
</marc:record>
